Análisis cualitativo

Saved in:
Bibliographic Details
Main Author: Gilreath, Esmarch S (Author)
Format: Book
Language:Spanish
Published: Buenos Aires Del Atlántico 1960
Subjects:
Tags: Add Tag
No Tags, Be the first to tag this record!

MARC

LEADER 00000nam a2200000 a 4500
001 UCT1491
003 CL-VaPUC
008 960927e19600000AG |||||||||||||||||spa|d
082 0 4 |a 544  |b GIL  |2 21 
100 |a Gilreath, Esmarch S  |e author  |9 370403 
245 1 0 |a Análisis cualitativo 
300 |a 239 p 
942 |c BK 
945 |d 19960927 00:00:00  |a paguirre 
260 |a Buenos Aires  |b Del Atlántico  |c 1960 
650 0 |a Análisis cualitativo   |9 346076 
650 0 |a Átomos  |9 259583 
650 7 |a EQUILIBRIOS QUIMICOS  |2 CL-VaPUC  |9 336637 
650 7 |a IONES  |2 CL-VaPUC  |9 337399 
650 7 |a HIDROLISIS  |2 CL-VaPUC  |9 354472 
583 |a last modification  |c 19960927 00:00:00  |k Rodrigo Vera 
999 |c 252002  |d 252000 
952 |0 0  |1 0  |4 0  |6 544_000000000000000_GIL_1960  |7 0  |8 A  |9 271573  |a BIBCUR  |b BIBCUR  |d 2019-11-19  |i 1750445  |o 544 GIL 1960  |p 1750445  |r 2025-04-22  |w 2019-11-19  |y BK  |k BCB